000 00619nam a22002177a 4500
003 OSt
005 20260127134712.0
008 130731t xxu||||| |||| 00| 0 eng d
020 _a0195853377
050 _aPR 4558
_b.D548 1992
082 _aKF
_bD55o #3
100 _aDickens, Charles
_93381
245 _aDavid Copperfield /
_cCharles Dickens.
260 _aHongkong :
_bOxford University Press,
_cc1992.
300 _a89 p.:
_bill. ;
_c20 cm.
562 _e1
650 _aUnhappy childhood
_xFiction.
_96947
650 _aDavid Copperfield (Fictitious character).
_96948
942 _2lcc
_cBK
999 _c8318
_d8318